000 00458pab a2200169 454500
008 180718b2014 xxu||||| |||| 00| 0 eng d
100 _aMorgner, Christian
245 _aThe theory of love and the theory of society: Remarks on the oeuvre of Niklas Luhmann
260 _c2014
300 _ap.396-404.
362 _aSep
650 _aLuhmann, Niklas
650 _aSocial systems
773 _aInternational Sociology
908 _aN
909 _a105874
999 _c105869
_d105869